000 00664naa a2200217 i 4500
001 32334
003 ES-MaBCM
005 20241016095230.0
008 871010s1979 fra 000 0 fre d
021 _axx
035 _a(OCoLC)1365134417
040 _cES-MaBCM
041 0 _afre
043 _afra
100 1 _aBocquet, Alain
_95569
245 1 3 _aLa protection de l'environnement en France
_b: legislation et réglamentation
_cAlain Bocquet
650 2 7 _aProtección del medio ambiente
_959954
651 4 _aFrancia
_9115364
773 0 _aEn:
_tProblèmes politiques et sociaux
_dParis : 1979
_w104497
_gnº 355, févr., p. 1-36. - Loc. S.131
942 _cAREV
999 _c32334
_d32334